5HLuxD.jpg

KING HENRY VIII SENIOR AND PRIMARY SCHOOL LIBRARY OPAC

My new bed / (Record no. 2553)

000 -LEADER
fixed length control field 00856nam a2200289 a 4500
001 - CONTROL NUMBER
control field 015541565
003 - CONTROL NUMBER IDENTIFIER
control field UkOxU
005 - DATE AND TIME OF LATEST TRANSACTION
control field 20230713145220.0
008 - FIXED-LENGTH DATA ELEMENTS--GENERAL INFORMATION
fixed length control field 030206r20031997enk j 000 1 eng d
015 ## - NATIONAL BIBLIOGRAPHY NUMBER
National bibliography number GB A3-Y0355
020 ## - INTERNATIONAL STANDARD BOOK NUMBER
International Standard Book Number 9780749649173
035 ## - SYSTEM CONTROL NUMBER
System control number BNB2737.1353
040 ## - CATALOGING SOURCE
Transcribing agency OX/U-1
Modifying agency KH8
082 0# - DEWEY DECIMAL CLASSIFICATION NUMBER
Classification number 823.914 BRU
Edition number 21
100 1# - MAIN ENTRY--PERSONAL NAME
Personal name Bruce, Lisa.
Relator term Author
240 10 - UNIFORM TITLE
Uniform title Big bed
245 10 - TITLE STATEMENT
Title My new bed /
Statement of responsibility, etc. Lisa Bruce & Susie Jenkin-Pearce.
260 ## - PUBLICATION, DISTRIBUTION, ETC.
Place of publication, distribution, etc. London :
Name of publisher, distributor, etc. Watts,
Date of publication, distribution, etc. 2003.
300 ## - PHYSICAL DESCRIPTION
Extent [21] p. :
Other physical details chiefly col. ill. ;
Dimensions 21 cm.
500 ## - GENERAL NOTE
General note Originally published: as Big bed. 1997.
650 #0 - SUBJECT ADDED ENTRY--TOPICAL TERM
Topical term or geographic name entry element Beds
Form subdivision Juvenile fiction.
650 #0 - SUBJECT ADDED ENTRY--TOPICAL TERM
Topical term or geographic name entry element Cribs (Children's furniture)
Form subdivision Juvenile fiction.
650 #0 - SUBJECT ADDED ENTRY--TOPICAL TERM
Topical term or geographic name entry element Sleeping customs
Form subdivision Juvenile fiction.
700 1# - ADDED ENTRY--PERSONAL NAME
Personal name Jenkin-Pearce, Susie.
Relator term Author
830 #0 - SERIES ADDED ENTRY--UNIFORM TITLE
Uniform title Me and my world
942 ## - ADDED ENTRY ELEMENTS (KOHA)
Source of classification or shelving scheme
Koha item type Books
Holdings
Withdrawn status Lost status Source of classification or shelving scheme Damaged status Not for loan Collection code Permanent Location Current Location Shelving location Date acquired Total Checkouts Full call number Barcode Date last seen Date last checked out Price effective from Koha item type
          Fiction KH8 Primary School Library KH8 Primary School Library Non Fiction 2023-07-13 7 823.914 BRU KHPL000004281 2026-02-13 2026-02-10 2023-07-13 Books

Powered By KH8 IT Dept